000 01405 a2200289 4500
001 31503
005 20260407155619.0
008 260407a2001 arg spa d
003 AR-UNSa-BCEJYS
040 _aAR-UNSa-BCEJYS
_bspa
_cAR-UNSa-BCEJYS
080 _a657-051
_xProfesional en Ciencias Económicas (Contador...)
245 1 0 _aEl desempeño del contador público independiente como sindico societario
020 _a950-739-975-5
264 1 _aBuenos Aires :
_bErrepar
_c2001
300 _a242 p.
_c21 cm.
505 _a1. Introducción a la sindicatura - 2. Comparación de la sindicatura en varios paises - 3. Aspectos legales - 4. Compatibilidad entre las funciones del sindico y las funciones del Auditor externo - 5. Normativa profesional - La Resolución técnica Nº 15 de la FACPCE - 6. Aspectos impositivos - 7. Objetivos y procedimientos de la sindicatura. Contenido de la memoria - 8. Informes de la sindicatura
041 _aspa
942 _cBK
590 _aniveau_biblio:m niveau_hierar:0
100 1 _aCasal, Armando Miguel
700 1 _aWainstein, Mario
700 1 _aCasal, Pablo Mariano
700 1 _aCristóbal, Norma C.
700 1 _aLublinerman, Leonardo
700 1 _aPérez, Liliana
856 4 1 _uhttps://biblioeco.unsa.edu.ar/pmb/images/libros/El desempe?o del contador publico independiente como sindicato societario-l87106.jpg
_yImagen de portada
_qimage/jpeg
999 _c2186
_d2186